Word Within the Word List #2 - Statistics

General Stats
  • This quiz has been taken 14 times
  • The average score is 13 of 25
Answer Stats
Hint Answer % Correct
aqua water
100%
cred believe
67%
biblio book
67%
centri center
67%
audi hear
67%
cide kill
67%
bio life
67%
anthropo man
67%
neo new
67%
cent one hundred
67%
dict say
67%
auto self
67%
bell war
67%
scrib write
67%
ard always
33%
port carry
33%
cise cut
33%
cede go
33%
archy government
33%
itis inflammation
33%
logy science
33%
miss send
33%
ician specialist
33%
cap take
33%
ad to
33%
No matching quizzes found
Score Distribution
Percent of People with Each Score
Percentile by Number Answered
Your Score History
You have not taken this quiz